<?xml version="1.0" encoding="UTF-8"?>
<record
    xmlns:xsi="http://www.w3.org/2001/XMLSchema-instance"
    xsi:schemaLocation="http://www.loc.gov/MARC21/slim http://www.loc.gov/standards/marcxml/schema/MARC21slim.xsd"
    xmlns="http://www.loc.gov/MARC21/slim">

  <leader>02005nam a22002057a 4500</leader>
  <datafield tag="999" ind1=" " ind2=" ">
    <subfield code="c">37854</subfield>
    <subfield code="d">37854</subfield>
  </datafield>
  <datafield tag="020" ind1=" " ind2=" ">
    <subfield code="a">9780367617325</subfield>
  </datafield>
  <datafield tag="041" ind1=" " ind2=" ">
    <subfield code="a">eng-</subfield>
  </datafield>
  <datafield tag="082" ind1=" " ind2=" ">
    <subfield code="a">303.372</subfield>
    <subfield code="b">CLO-P</subfield>
  </datafield>
  <datafield tag="100" ind1=" " ind2=" ">
    <subfield code="a">Clohesy, Anthony M. </subfield>
    <subfield code="e">Author.</subfield>
  </datafield>
  <datafield tag="245" ind1=" " ind2=" ">
    <subfield code="a">The Politics of Well-Being : </subfield>
    <subfield code="b">Towards a More Ethical World /</subfield>
    <subfield code="c">Anthony M. Clohesy </subfield>
  </datafield>
  <datafield tag="260" ind1=" " ind2=" ">
    <subfield code="a">Newyork :</subfield>
    <subfield code="b">Routledge,</subfield>
    <subfield code="c">2022.</subfield>
  </datafield>
  <datafield tag="300" ind1=" " ind2=" ">
    <subfield code="a">158p.</subfield>
  </datafield>
  <datafield tag="504" ind1=" " ind2=" ">
    <subfield code="a">Includes bibliographical references and index.</subfield>
  </datafield>
  <datafield tag="520" ind1=" " ind2=" ">
    <subfield code="a">The Politics of Well-Being argues that the relationship between well-being and ethical life has been overlooked. The more specific argument of the book is that ethical life requires political engagement, and the emergence of a society committed to critical thinking. It is argued that these conditions allow for our ordination and confirmation as ethical subjects. While well-being can be experienced in different ways, it is claimed that, after experience of ethical life, a more sustainable form of it is revealed to us, a form which we would be drawn to preserve, a form which can be constituted as an object of hope.

While the book draws on philosophical themes, its main focus is political. This is because its primary objective is to identify and to examine what needs to be done in order to realise ethical life. Its main focus in this respect is the identification and examination of the barriers which need to be overcome if ethical life is to be realised. It is acknowledged that this will not be an easy task. Indeed, it may be an impossible task. However, despite these barriers, and despite the dark days we are living through, the book is a call to hope rather than a surrender to despair.

This book will be of interest to students of politics, psychology, cultural studies, philosophy, and sociology, as well as anyone else interested in exploring new ideas about how the make the world a better place.</subfield>
  </datafield>
  <datafield tag="546" ind1=" " ind2=" ">
    <subfield code="a">English.</subfield>
  </datafield>
  <datafield tag="650" ind1=" " ind2=" ">
    <subfield code="a">Social ethics	</subfield>
  </datafield>
  <datafield tag="650" ind1=" " ind2=" ">
    <subfield code="a">Political ethics</subfield>
  </datafield>
  <datafield tag="650" ind1=" " ind2=" ">
    <subfield code="a">Well-being</subfield>
    <subfield code="x">Philosophy.</subfield>
  </datafield>
  <datafield tag="942" ind1=" " ind2=" ">
    <subfield code="2">ddc</subfield>
    <subfield code="c">BK</subfield>
  </datafield>
  <datafield tag="952" ind1=" " ind2=" ">
    <subfield code="0">0</subfield>
    <subfield code="1">0</subfield>
    <subfield code="4">0</subfield>
    <subfield code="7">0</subfield>
    <subfield code="a">NASSDOC</subfield>
    <subfield code="b">NASSDOC</subfield>
    <subfield code="d">2023-03-16</subfield>
    <subfield code="e">Overseas</subfield>
    <subfield code="g">0.00</subfield>
    <subfield code="l">0</subfield>
    <subfield code="o">303.372 CLO-P</subfield>
    <subfield code="p">53591</subfield>
    <subfield code="r">2023-05-31 00:00:00</subfield>
    <subfield code="v">0.00</subfield>
    <subfield code="w">2023-05-31</subfield>
    <subfield code="y">BK</subfield>
  </datafield>
</record>
